000 01649cam a2200373 i 4500
001 zz2004906840
003 NUKAT
005 20260411213722.0
008 040513s1926 pl a |000 0 pol c
035 _a(OCoLC)1412962530
035 _a(NUKAT)zz2004906840
040 _aKR U/AK
_bpol
_erda
_cKR U/AK
_dKR U/AK
_dKIEL 010/HLs
_dKR PAU/AS
_dWA U/96ak
_dWR O/JG
_dKR 048/AS
041 0 _apol
_bfre
100 1 _aZaborski, Bogdan
_d(1901-1985).
_eAutor
_939894
245 1 0 _aO kształtach wsi w Polsce i ich rozmieszczeniu /
_cBogdan Zaborski.
260 _aKraków :
_bnakładem Polskiej Akademji Umiejętności,
_c1926
_e(Kraków :
_fDrukarnia Uniwersytetu Jagiellońskiego pod zarządem Józefa Filipowskiego).
300 _a121, [1] stron, [1] karta złożona :
_bilustracje ;
_c24 cm.
336 _aTekst
_btxt
_2rdacontent
337 _aBez urządzenia pośredniczącego
_bn
_2rdamedia
338 _aWolumin
_bnc
_2rdacarrier
380 _aKsiążki
490 1 _aPrace Komisji Etnograficznej Polskiej Akademii Umiejętności ;
_vnr 1
504 _aBibliografia na stronach 109-117.
546 _aStreszczenie francuskie.
650 7 _aRuralistyka
_2DBN
_939895
650 7 _aWsie
_2DBN
_936408
650 7 _aGeografia wsi
_zPolska.
_2kaba
_939896
650 7 _aOsadnictwo człowieka
_zPolska
_xhistoria.
_2kaba
_939897
650 7 _aArchitektura wiejska
_zPolska
_xhistoria.
_2kaba
_939898
710 2 _aPolska Akademia Umiejętności (1919-1952).
_eNakładca
_91634
710 2 _aDrukarnia Uniwersytetu Jagiellońskiego.
_eDruk
_4prt
_9536
830 0 _aPrace Komisji Etnograficznej Polskiej Akademii Umiejętności
_vnr 1
_913246
942 _2ddc
_cBK_NM
999 _c27546
_d27546